书目信息 |
| 题名: |
日本古典文学大辞典
|
|
| 作者: | ;北京日本学研究中心文学研究室 著 | |
| 分册: | ||
| 出版信息: | 北京 人民文学出版社 2005.03 |
|
| 页数: | 40,1144页 | |
| 开本: | 21cm | |
| 丛书名: | ||
| 单 册: | ||
| 中图分类: | I313.062-61 | |
| 科图分类: | ||
| 主题词: | 古典文学--gu dian wen xue--词典--日本 | |
| 电子资源: | ||
| ISBN: | 7-02-004954-0 | |
| 000 | 00872nam0 2200217 450 | |
| 001 | 012007771339 | |
| 005 | 20070517162257.57 | |
| 010 | @a7-02-004954-0@b精装@dCNY98.00 | |
| 100 | @a20070316d2005 km y0chiy0120 ea | |
| 101 | 0 | @achi@ajpn |
| 102 | @aCN@b110000 | |
| 105 | @ay e 000yy | |
| 200 | 1 | @a日本古典文学大辞典@Ari ben gu dian wen xue da ci dian@f北京日本学研究中心文学研究室著@Fbei jing ri ben xue yan jiu zhong xin wen xue yan jiu shi zhu |
| 210 | @a北京@c人民文学出版社@d2005.03 | |
| 215 | @a40,1144页@d21cm | |
| 330 | @a本书立足本国学界,强调个案研究。内容分四部分:人物与作品解题、文学概念、基础知识、附录。 | |
| 606 | 0 | @a古典文学@Agu dian wen xue@x词典@y日本 |
| 690 | @aI313.062-61@v4 | |
| 711 | 02 | @a北京日本学研究中心文学研究室@Abei jing ri ben xue yan jiu zhong xin wen xue yan jiu shi@4著 |
| 801 | 0 | @aCN@c20070517 |
| 905 | @a10447@dI313.062-61@eB347 | |
| 日本古典文学大辞典/北京日本学研究中心文学研究室著.-北京:人民文学出版社,2005.03 |
| 40,1144页;21cm |
| ISBN 7-02-004954-0(精装):CNY98.00 |
| 本书立足本国学界,强调个案研究。内容分四部分:人物与作品解题、文学概念、基础知识、附录。 |
| ● |
| 相关链接 |
|
|
|
正题名:日本古典文学大辞典
索取号:I313.062-61/B347
 
预约/预借
| 序号 | 登录号 | 条形码 | 馆藏地/架位号 | 状态 | 备注 |
| 1 | 237643 | 202376437 | 文学库116/116文学库 13排6列6层/ [索取号:I313.062-61/B347] | 在馆 | |
| 2 | 237644 | 202376446 | 社科二线400B/116文学库 13排6列6层/ [索取号:I313.062-61/B347] | 在馆 | |
| 3 | 237645 | 202376455 | 文学库116/116文学库 13排6列6层/ [索取号:I313.062-61/B347] | 在馆 |